Financial management : (Record no. 54217)

MARC details
000 -LEADER
fixed length control field 01018nam a22003017a 4500
005 - DATE AND TIME OF LATEST TRANSACTION
control field 20110722114425.0
008 - FIXED-LENGTH DATA ELEMENTS--GENERAL INFORMATION
fixed length control field 110722t xxu||||| |||| 00| 0 eng d
010 ## - LCCN (DPL NO)
LC control number ENG-103104
020 ## - INTERNATIONAL STANDARD BOOK NUMBER
International Standard Book Number 9780071078405
Terms of availability 625.00
020 ## - INTERNATIONAL STANDARD BOOK NUMBER
International Standard Book Number 0071078401
Terms of availability 625.00
035 ## - SYSTEM CONTROL NUMBER
System control number EN-86637
037 ## - SOURCE OF ACQUISITION
Source of stock number/acquisition DBAD / PUB
040 ## - CATALOGING SOURCE
Original cataloging agency dpl
Language of cataloging English
082 ## - DEWEY DECIMAL CLASSIFICATION NUMBER
Classification number 658.15
100 ## - MAIN ENTRY--PERSONAL NAME
Personal name Prasanna Chandra
9 (RLIN) 29868
245 ## - TITLE STATEMENT
Title Financial management :
Statement of responsibility, etc by Prasanna Chandra
Remainder of title theory and practice /
250 ## - EDITION STATEMENT
Edition statement 8th ed
260 ## - PUBLICATION, DISTRIBUTION, ETC. (IMPRINT)
Place of publication, distribution, etc New Delhi
Name of publisher, distributor, etc Tata McGraw Hill
Date of publication, distribution, etc 2011
270 ## - ADDRESS
Address 7, West Patel Nagar
City New Delhi
Postal code 110002
300 ## - PHYSICAL DESCRIPTION
Extent xxx,1062p.
Dimensions 25cm (pbk)
Accompanying material 1CD-ROM
490 ## - SERIES STATEMENT
Series statement CFM-McGraw-Hill professional series in finance
-- 29913
500 ## - GENERAL NOTE
General note Includes index
650 ## - SUBJECT ADDED ENTRY--TOPICAL TERM
9 (RLIN) 29869
651 ## - SUBJECT ADDED ENTRY--GEOGRAPHIC NAME
9 (RLIN) 1549
700 ## - ADDED ENTRY--PERSONAL NAME
9 (RLIN) 29871
942 ## - ADDED ENTRY ELEMENTS (KOHA)
Source of classification or shelving scheme Dewey Decimal Classification
Item type English Books
Classification part 658.15
Call number suffix PRA
Holdings
Withdrawn status Lost status Source of classification or shelving scheme Damaged status Not for loan Collection code Home library Current library Date acquired Source of acquisition Cost, normal purchase price Total Checkouts Full call number Barcode Date last seen Copy number Cost, replacement price Koha item type
    Dewey Decimal Classification   Not For Loan Non-fiction D.B.Act.Division D.B.Act.Division 22/07/2011 DBAD/PUB 625.00   658.15 PRA EN-86637 22/07/2011 1 625.00 English Books

© Delhi Public Library
Hit Counter
free hit counter